[Event "IND-ch U25"]
[Site "Calicut"]
[Date "2013.10.03"]
[Round "2"]
[White "Rajesh, Kumar"]
[Black "Pandhare, Swapnil"]
[Result "0-1"]
[WhiteElo "1709"]
[BlackElo "1570"]
[PlyCount "85"]
[EventDate "2013.10.02"]
[EventType "swiss"]
[EventRounds "9"]
[EventCountry "IND"]
[SourceTitle "EXT 2014"]
[Source "ChessBase"]
[SourceDate "2013.11.20"]
[SourceVersion "1"]
[SourceVersionDate "2013.11.20"]
[SourceQuality "1"]

1. e4 d6 2. Nf3 Nf6 3. Nc3 g6 4. Bc4 Bg7 5. d4 0-0 6. 0-0 c6 7. b4 b5 8. Bb3 Qc7 9. h3 a6 10. Be3 Nbd7 11. a3 e5 12. d5 c5 13. Bd2 c4 14. Ba2 Nh5 15. Qc1 Qb8 16. Bh6 Nf4 17. Bxg7 Kxg7 18. g3 Nh5 19. Ne2 Nhf6 20. Nc3 Rh8 21. Kg2 Nh5 22. Nh4 Ndf6 23. f3 h6 24. Kh2 Kf8 25. Ng2 Ke7 26. g4 Ng7 27. Ne2 g5 28. Ng3 Bd7 29. c3 Rg8 30. Bb1 Nge8 31. Ne3 h5 32. Ngf5+ Bxf5 33. Nxf5+ Kd7 34. Bc2 hxg4 35. fxg4 Nxg4+ 36. Kg3 Ngf6 37. Rh1 g4 38. h4 Nh5+ 39. Kg2 Nf4+ 40. Kf1 g3 41. Qe3 g2+ 42. Kg1 gxh1Q+ 43. Kxh1 0-1